Three Greek plays /

Bibliographic Details
Main Author: Hamilton, Edith, 1867-1963
Other Authors: Aeschylus, Euripides
Format: Book
Language:English
Published: New York : W. W. Norton, 1958
Series:The Norton library ; N203
Subjects:

MARC

Tag First Indicator Second Indicator Subfields
LEADER 00000cam a2200000 i 4500
001 in00000027150
005 20151007055915.0
008 800813c19581937xx 00000 eng d
035 |a (OCoLC)06615849 
035 |9 AAB9623AM 
040 |a MUU  |c MUU  |d m.c.  |d TXA  |d UtOrBLW 
049 |a TXAM  |c [A11493263] 
050 4 |a PA3626  |b .H35 1958 
100 1 |a Hamilton, Edith,  |d 1867-1963. 
245 1 0 |a Three Greek plays /  |c translated with introductions by Edith Hamilton. 
264 1 |a New York :  |b W. W. Norton,  |c 1958 
264 4 |c ©1937 
300 |a vi, 239 pages ;  |c 20 cm. 
336 |a text  |b txt  |2 rdacontent 
337 |a unmediated  |b n  |2 rdamedia 
338 |a volume  |b nc  |2 rdacarrier 
490 0 |a The Norton library ;  |v N203 
505 0 |a Prometheus bound -- Agamemnon -- The Trojan women. 
650 0 |a Greek drama  |v Translations into English. 
650 0 |a English drama  |x Translations from Greek. 
700 0 |a Aeschylus.  |t Prometheus bound. 
700 0 |a Aeschylus.  |t Agamemnon. 
700 0 |a Euripides.  |t Trojan women. 
999 |a MARS 
999 f f |s 13b591dd-72b9-3f36-8300-98c2d6cdc83d  |i 4ff53328-6591-3f56-833c-58dcb94b6a47  |t 0 
952 f f |p normal  |a Texas A&M University  |b College Station  |c Sterling C. Evans Library  |d Evans: Library Stacks  |t 0  |e PA3626 .H35 1958  |h Library of Congress classification  |i unmediated -- volume  |m A14811493263 
998 f f |a PA3626 .H35 1958  |t 0  |l Evans: Library Stacks